000
00267nam a22001217a 4500
008
170324b xxu||||| |||| 00| 0 eng d
041
_a
eng
080
_2
3RD
_a
615.83
100
_a
8
101
_a
SHM
245
_a
PHYSICAL EDUCATION
_c
OBERTEUFFER, D
942
_2
udc
_c
BK
999
_c
8615
_d
8615